000 00583nam a2200193Ia 4500
003 GCL
008 140319s9999 xx 000 0 ara d
040 _aGCL /
_cGCL
082 0 4 _aط
_b239.9
_bع ف
100 1 _aعبدالتواب يوسف
245 1 0 _aالمثنى بن حارثة /
_cعبدالتواب يوسف
260 _a[S.N] :
_bدار الكتاب المصرى ،
_c1993
300 _a16 ص
490 _aفرسان الاسلام
_v0
650 0 4 _aالاطفال
650 0 4 _aالتاريخ الاسلامى
650 0 4 _aاعلام العرب
942 _2ddc
_cBK
999 _c57311
_d57311